| 000 | 00725nam a2200229 a 4500 | ||
|---|---|---|---|
| 001 | 53436 | ||
| 003 | BD-RjUL | ||
| 005 | 20211209075948.0 | ||
| 008 | 161015s2008 ii b 000 0 eng | ||
| 020 |
_a8185173540 : _cRs300.00 ($30.00 U.S.) |
||
| 035 | _a(BD-RjUL)53556 | ||
| 040 |
_aDLC _cDLC _dBD-RjUL _beng |
||
| 041 | _aeng | ||
| 082 | 0 | 0 |
_a370.954 _223 _bSIP 2008 |
| 100 | 1 |
_aSiddiqui, Mujibul Hasan _9138715 |
|
| 245 | 1 | 0 |
_aPhilosophical and sociological foundations of education / _cMujibul Hasan Siddiqui |
| 260 |
_aDelhi : _bA.P.H. Publishing Corporation, _c2008. |
||
| 300 |
_aix, 274 p. ; _c23 cm. |
||
| 504 | _aIncludes bibliographical references. | ||
| 650 |
_aEducation _xPhilosophy _9181386 |
||
| 942 |
_2ddc _cBK |
||
| 999 |
_c53436 _d53436 |
||